Statistics for Famous People from Tennessee by Picture

Click here to take the quiz!

General Stats

  • This quiz has been taken 20,844 times
    (11,215 since last reset)
  • The average score is 10 of 16

Answer Stats

Answer% Correct
Elvis Presley
99%
Miley Cyrus
85%
Justin Timberlake
80%
Johnny Cash
73%
Tina Turner
71%
Megan Fox
65%
Reese Witherspoon
63%
Al Gore
61%
Andrew Jackson
61%
Dolly Parton
61%
Johnny Knoxville
52%
Kathy Bates
46%
Andrew Johnson
42%
Davy Crockett
39%
James K. Polk
38%
Pat Summitt
15%

Score Distribution

Percentile by Number Answered

Percent of People with Each Score

Your Score History

You have not taken this quiz since the last reset